Statistics for Jason Aldean Songs

Click here to take the quiz!

General Stats

  • This quiz has been taken 763 times
    (761 since last reset)
  • The average score is 6 of 11

Answer Stats

Hint Answer % Correct
Yeah im chillin' on a dirt road, swervin' like im george jonesdirt road anthem
91%
a couple guys in first class on a flight, from new york to los angelesfly over states
71%
theres still black marks on that county roadTattoos on this town
69%
she had a shiny little beamer with the ragtop downbig green tractor
68%
You boys ever met a real country girl?shes country
67%
He gets up before the dawn, packs a lucnh an' a thermos full of coffeeamarillo
61%
Little Jimmy Jackson is jackin' up his broncoHicktown
56%
roll into town, step off the bus, brush off the where you came from dustcrazy town
53%
I really hate to let this moment go, your hair falling slowDont you wanna stay
44%
Quit my job, flipped off the boss, took my name off the payrollJohnny Cash
38%
the sun has opened up my eyes, an' i dont want to leave your sideasphalt cowboy
14%

Score Distribution

Percentile by Number Answered

Percent of People with Each Score

Your Score History

You have not taken this quiz since the last reset